[Event "Calvia Amateur op 20th"]
[Site "Calvia"]
[Date "2023.10.07"]
[Round "1"]
[White "Sahelices Casado, Roberto"]
[Black "Armao, Olivier"]
[Result "1-0"]
[WhiteElo "2084"]
[BlackElo "1667"]
[PlyCount "35"]
[EventDate "2023.10.07"]
[EventType "swiss"]
[EventRounds "9"]
[EventCountry "ESP"]
[SourceTitle "Mega2024 Update 01"]
[Source "Chessbase"]
[SourceDate "2023.11.12"]
[SourceVersion "1"]
[SourceVersionDate "2023.11.12"]
[SourceQuality "1"]

1. d4 c5 2. d5 d6 3. c4 g6 4. Nc3 Bg7 5. Nf3 Bxc3+ 6. bxc3 e5 7. dxe6 fxe6 8. Bg5 Nf6 9. Qd3 0-0 10. e3 Nc6 11. Be2 e5 12. e4 Kg7 13. h3 h6 14. Be3 Be6 15. Rd1 Ne8 16. 0-0 Na5 17. Nxe5 Bxc4 18. Nxc4 1-0